| 000 | 01403nam a2200361Ia 4500 | ||
|---|---|---|---|
| 001 | ebr10158386 | ||
| 003 | CaPaEBR | ||
| 006 | m u | ||
| 007 | cr cn||||||||| | ||
| 008 | 050829s2007 enka sb 001 0 eng d | ||
| 020 | _z0750667982 (hbk.) | ||
| 020 | _z9780750667982 (hbk.) | ||
| 020 | _z9780080468150 | ||
| 040 |
_aCaPaEBR _cCaPaEBR |
||
| 035 | _a(OCoLC)213298549 | ||
| 050 | 1 | 4 |
_aHG4530 _b.L63 2007eb |
| 082 | 0 | 4 |
_a332.6327 _222 |
| 100 | 1 | _aLoader, David. | |
| 245 | 1 | 0 |
_aFundamentals of fund administration _h[electronic resource] : _ba complete guide from fund set up to settlement and beyond / _cDavid Loader. |
| 250 | _a1st ed. | ||
| 260 |
_aOxford ; _aBurlington, MA : _bButterworth-Heinemann, _c2007. |
||
| 300 |
_avii, 208 p. : _bill. |
||
| 490 | 1 | _aElsevier finance | |
| 504 | _aIncludes bibliographical references (p. [171]-172) and index. | ||
| 504 | _aIncludes web resources. | ||
| 533 |
_aElectronic reproduction. _bPalo Alto, Calif. : _cebrary, _d2009. _nAvailable via World Wide Web. _nAccess may be limited to ebrary affiliated libraries. |
||
| 650 | 0 |
_aHedge funds _xManagement. |
|
| 650 | 0 |
_aMutual funds _xManagement. |
|
| 655 | 7 |
_aElectronic books. _2local |
|
| 710 | 2 | _aebrary, Inc. | |
| 830 | 0 | _aElsevier finance. | |
| 856 | 4 | 0 |
_uhttp://site.ebrary.com/lib/rucke/Doc?id=10158386 _zAn electronic book accessible through the World Wide Web; click to view |
| 999 |
_c244691 _d244691 |
||